الأضرار الاقتصادية للإدمان في الاقتصاد الإسلامي /
محفوظ في:
| المؤلف الرئيسي: | |
|---|---|
| مؤلفون آخرون: | |
| التنسيق: | أطروحة |
| اللغة: | Arabic |
| منشور في: |
Yarmuk :
Jami'at al-Yarmuk,
1999
|
| الموضوعات: | |
| الوسوم: |
إضافة وسم
لا توجد وسوم, كن أول من يضع وسما على هذه التسجيلة!
|
| LEADER | 017450000a22003490004500 | ||
|---|---|---|---|
| 001 | 489079 | ||
| 005 | 20100426153100.0 | ||
| 008 | s1999 jo f m ara d | ||
| 035 | |a (Sirsi) 489079 | ||
| 040 | |a UIAM |b eng | ||
| 041 | |a ara | ||
| 050 | 0 | 0 | |a HV5801 |
| 100 | 1 | |a باكير، محمود عبد الحفيظ محمد | |
| 242 | 1 | 3 | |a al-Adrar al-iqtisadiyah lil-idman fi al-iqtisad al-Islami |
| 245 | 1 | 2 | |a الأضرار الاقتصادية للإدمان في الاقتصاد الإسلامي / |c إعداد الطالب، محمود عبد الحفيظ محمد باكير؛ إشراف أبو اليقظان الجبوري |
| 260 | |a Yarmuk : |b Jami'at al-Yarmuk, |c 1999 | ||
| 300 | |a viii, 148 leaves ; |c 30 cm. | ||
| 500 | |a "قدمت هذه الرسالة استكمالا لمتطلبات الحصول على درجة الماجستير في الاقتصاد الإسلامي" --On t.p. | ||
| 500 | |a Abstract in English and Arabic. | ||
| 502 | |a Thesis (M.A.)--Jami'at al-Yarmuk, 1999. | ||
| 504 | |a Includes bibliographical references (leaves 133-143). | ||
| 596 | |a 1 4 | ||
| 650 | 0 | |a Drug addiction |x Economic aspects | |
| 650 | 0 | |a Smoking |x Economic aspects | |
| 650 | 0 | |a Alcoholism |x Economic aspects | |
| 650 | 0 | |a Economics, Islamic | |
| 655 | |a Theses, Facsimile edition (Islamic) | ||
| 700 | 1 | |a Bakir, Mahmud 'Abd al-Hafiz Muhammad | |
| 900 | |a arf-ls | ||
| 999 | |c 433186 |d 465087 | ||
| 952 | |0 0 |6 TI HV 005801 B168A 1999 |7 0 |8 THESES |9 753697 |a IIUM |b IIUM |c MULTIMEDIA |g 290.00 |o ti HV 5801 B168A 1999 |p 00011170567 |r 2017-10-23 |t 1 |v 290.00 |y THESIS | ||
| 952 | |0 0 |6 TI HV 005801 B168A 1999 |7 0 |8 THESES |9 756510 |a IIiBFL |b IIiBFL |c CLOSEACCES |g 310.00 |o ti HV 5801 B168A 1999 |p 00011170577 |r 2017-11-01 |t 1 |v 310.00 |y THESIS | ||
